00355nam a22001337a 450000500170000000800410001704100120005808200130007010000120008324500380009526000370013330000250017065000260019520240816144103.0240816b |||||||| |||| 00| 0 eng d aEnglish a349 LAW  lEnglish aThe Law Reports: Probate Division aLondon: bLincoln's Inn, c1946  b222 pages; c25 cm.  aLegal practice bLaw